| 000 | 00817cam a2200253 4500 | ||
|---|---|---|---|
| 001 | 1410 | ||
| 003 | OCoLC | ||
| 005 | 20181127163245.0 | ||
| 008 | 010313s2002 enka b 001 0 eng | ||
| 010 | _a2001025745 | ||
| 020 | _a052180048X | ||
| 020 | _a0521804833 (pbk.) | ||
| 245 | 0 | 0 |
_aPaths to successful development : _bpersonality in the life course / _cedited by Lea Pulkkinen and Avshalom Caspi. |
| 260 |
_aCambridge ; _aNew York : _bCambridge University Press, _c2002. |
||
| 300 |
_ax, 422 p. : _bill. ; _c24 cm. |
||
| 504 | _aIncludes bibliographical references and index. | ||
| 650 | 0 | _aDevelopmental psychology. | |
| 650 | 0 | _aPersonality development. | |
| 650 | 1 | 2 | _aPersonality Development. |
| 650 | 2 | 2 | _aSocialization. |
| 650 | 2 | 2 | _aTemperament. |
| 700 | 1 | _aCaspi, Avshalom. | |
| 700 | 1 | _aPulkkinen, Lea. | |
| 999 |
_c1041 _d1041 |
||